[Event "Berlin Lieb Memorial 4th"]
[Site "Berlin"]
[Date "2018.06.07"]
[Round "4"]
[White "Penner, Markus"]
[Black "Krawatzki, Armin"]
[Result "1-0"]
[WhiteElo "2045"]
[BlackElo "1628"]
[PlyCount "59"]
[EventDate "2018.05.17"]
[EventType "swiss"]
[EventRounds "7"]
[EventCountry "GER"]
[SourceTitle "CBM 189 Extra"]
[Source "ChessBase"]
[SourceDate "2019.06.03"]
[SourceVersion "1"]
[SourceVersionDate "2019.06.03"]
[SourceQuality "1"]

1. e4 e6 2. d4 d5 3. Nd2 Be7 4. Bd3 Nc6 5. c3 dxe4 6. Nxe4 Nf6 7. Nf3 Nxe4 8. Bxe4 0-0 9. 0-0 f5 10. Bxc6 bxc6 11. Ne5 c5 12. Qf3 Qd5 13. Qxd5 exd5 14. Bf4 cxd4 15. Nc6 Bd6 16. Bxd6 cxd6 17. Nxd4 Bd7 18. Rfe1 Rfe8 19. Rad1 Kf7 20. Kf1 Kf6 21. f3 Rxe1+ 22. Kxe1 Re8+ 23. Kf2 f4 24. Ne2 Ke5 25. Nc1 Bb5 26. Re1+ Kf5 27. Rxe8 Bxe8 28. Ne2 Ke5 29. Nd4 a6 30. Ke2 1-0

[Event "Berlin Lieb Memorial 4th"]
[Site "Berlin"]
[Date "2018.05.24"]
[Round "2"]
[White "Penner, Markus"]
[Black "Vachkov, Temi"]
[Result "1/2-1/2"]
[WhiteElo "2045"]
[BlackElo "1798"]
[PlyCount "94"]
[EventDate "2018.05.17"]
[EventType "swiss"]
[EventRounds "7"]
[EventCountry "GER"]
[SourceTitle "CBM 189 Extra"]
[Source "ChessBase"]
[SourceDate "2019.06.03"]
[SourceVersion "1"]
[SourceVersionDate "2019.06.03"]
[SourceQuality "1"]

1. e4 d6 2. d4 g6 3. f4 Bg7 4. Nf3 Nf6 5. Nc3 0-0 6. Be2 c5 7. dxc5 Qa5 8. Qd2 Qxc5 9. Qe3 Qa5 10. Nd4 e5 11. Nb3 Qd8 12. 0-0 Nc6 13. Kh1 exf4 14. Qxf4 Ne5 15. Qh4 Nfg4 16. Qxd8 Rxd8 17. h3 Nh6 18. Bg5 f6 19. Bxf6 Bxf6 20. Rxf6 Kg7 21. Rff1 Be6 22. Nd4 Bd7 23. Bb5 Bxb5 24. Ncxb5 Rd7 25. b3 a6 26. Nc3 Re8 27. Rad1 Rf7 28. Nde2 Rxf1+ 29. Rxf1 Nhf7 30. Nf4 Nc6 31. Rd1 Nb4 32. Rd2 Rc8 33. Nfd5 Nxd5 34. Nxd5 Re8 35. Rd4 Ng5 36. Rb4 b5 37. Nc7 Rxe4 38. Rxe4 Nxe4 39. Nxa6 Nc3 40. Kg1 Nxa2 41. Kf2 Nc3 42. Ke3 Kf6 43. Nc7 Ke5 44. Kd3 Nd5 45. Nxb5 Nf4+ 46. Kc4 Nxg2 47. b4 Ne3+ 1/2-1/2

[Event "BL2-Nord 1516"]
[Site "Germany"]
[Date "2016.04.24"]
[Round "2.6"]
[White "Charmeteau, Sven"]
[Black "Penner, Markus"]
[Result "1/2-1/2"]
[WhiteElo "2247"]
[BlackElo "2038"]
[PlyCount "76"]
[EventDate "2015.09.19"]
[EventType "team-tourn"]
[EventRounds "9"]
[EventCountry "GER"]
[SourceTitle "EXT 2017"]
[Source "ChessBase"]
[SourceDate "2016.10.25"]
[SourceVersion "1"]
[SourceVersionDate "2016.10.25"]
[SourceQuality "1"]
[WhiteTeam "Werder Bremen II"]
[BlackTeam "Zehlendorf"]
[WhiteTeamCountry "GER"]
[BlackTeamCountry "GER"]

1. e4 e5 2. Nf3 Nc6 3. d4 exd4 4. Nxd4 Bc5 5. Nb3 Bb6 6. Nc3 d6 7. Qe2 Be6 8. Be3 Nf6 9. g3 Qe7 10. Bg2 Bxe3 11. Qxe3 0-0 12. 0-0 Rad8 13. Rad1 Rfe8 14. Rfe1 a6 15. h3 Qd7 16. Nc5 Qc8 17. Nxe6 Qxe6 18. b3 Qc8 19. f4 d5 20. e5 d4 21. Qf3 dxc3 22. exf6 gxf6 23. Qxc3 Rxe1+ 24. Rxe1 Rd6 25. Re4 Qd7 26. Kh2 Nd4 27. a4 b6 28. a5 bxa5 29. Qc5 Ne6 30. Qxa5 Rd2 31. Qc3 Qd5 32. Qc4 Qxc4 33. Rxc4 Nd4 34. Kg1 Nxc2 35. Rxc7 Nd4 36. b4 Rd1+ 37. Kf2 Rd2+ 38. Kg1 Rd1+ 1/2-1/2

[Event "Berlin Lichtenberger op 12th"]
[Site "Berlin"]
[Date "2013.08.21"]
[Round "5"]
[White "Penner, Markus"]
[Black "Ritter, Uwe1111"]
[Result "1-0"]
[WhiteElo "2026"]
[BlackElo "1991"]
[PlyCount "45"]
[EventDate "2013.08.17"]
[EventType "swiss"]
[EventRounds "9"]
[EventCountry "GER"]
[SourceTitle "CBM 156 Extra"]
[Source "ChessBase"]
[SourceDate "2013.10.22"]
[SourceVersion "1"]
[SourceVersionDate "2013.10.22"]
[SourceQuality "1"]

1. e4 e6 2. d4 d5 3. Nc3 dxe4 4. Nxe4 Bd7 5. Nf3 Bc6 6. Bd3 Nd7 7. 0-0 Ngf6 8. Nxf6+ Nxf6 9. c4 Bxf3 10. Qxf3 c6 11. Be3 Be7 12. Rad1 0-0 13. Rfe1 Qc7 14. Bg5 Rad8 15. Qh3 h6 16. Bxh6 gxh6 17. Qxh6 Rxd4 18. Re3 Rxd3 19. Rexd3 Rd8 20. Rg3+ Qxg3 21. Rxd8+ Bxd8 22. hxg3 Ne4 23. Qf4 1-0

[Event "Berlin Lichtenberger op 12th"]
[Site "Berlin"]
[Date "2013.08.19"]
[Round "3"]
[White "Penner, Markus"]
[Black "Hoermann, David"]
[Result "0-1"]
[WhiteElo "2026"]
[BlackElo "1907"]
[PlyCount "137"]
[EventDate "2013.08.17"]
[EventType "swiss"]
[EventRounds "9"]
[EventCountry "GER"]
[SourceTitle "CBM 156 Extra"]
[Source "ChessBase"]
[SourceDate "2013.10.22"]
[SourceVersion "1"]
[SourceVersionDate "2013.10.22"]
[SourceQuality "1"]

1. e4 c5 2. c3 d5 3. exd5 Qxd5 4. d4 Nc6 5. Nf3 Bg4 6. Be2 e6 7. Be3 cxd4 8. cxd4 Bb4+ 9. Nc3 Nf6 10. 0-0 Qd7 11. h3 Bh5 12. a3 Be7 13. Qd2 0-0 14. Rfd1 Nd5 15. Ne5 Nxe5 16. dxe5 Bxe2 17. Nxe2 Qc7 18. Bd4 b6 19. Rac1 Qb7 20. Nc3 Nxc3 21. Rxc3 Rac8 22. Rdc1 h6 23. Qc2 Rxc3 24. Qxc3 Rd8 25. Be3 Kh7 26. Qc2+ g6 27. Qc7 Rd7 28. Qxb7 Rxb7 29. Rc8 Rd7 30. Kf1 Bd8 31. Ke2 Kg7 32. f4 g5 33. g3 Kg6 34. Kf3 gxf4 35. gxf4 Kf5 36. Rc2 Be7 37. Rd2 Rxd2 38. Bxd2 b5 39. Bc3 a6 40. Bb4 Bd8 41. b3 a5 42. Bf8 a4 43. bxa4 bxa4 44. Bc5 Ba5 45. Bd4 Bd2 46. Be3 Bc3 47. Bc1 Bd4 48. Kg3 Kg6 49. Kf3 Kf5 50. Kg3 h5 51. Kh4 Kg6 52. Kg3 Bc3 53. Kf3 Kf5 54. Ke3 Be1 55. Kf3 Bc3 56. Ke3 f6 57. exf6 Bxf6 58. Kf3 Be7 59. Bb2 Bd6 60. Bc1 h4 61. Bb2 Bxf4 62. Bc3 Bd6 63. Bb2 e5 64. Bc1 Bc5 65. Bb2 e4+ 66. Kg2 Kf4 67. Bc1+ e3 68. Kf1 Kf3 69. Ke1 0-1

[Event "Berlin Lichtenberger op 12th"]
[Site "Berlin"]
[Date "2013.08.17"]
[Round "1"]
[White "Penner, Markus"]
[Black "Sidabras, Jonas"]
[Result "1-0"]
[WhiteElo "2026"]
[BlackElo "1687"]
[PlyCount "74"]
[EventDate "2013.08.17"]
[EventType "swiss"]
[EventRounds "9"]
[EventCountry "GER"]
[SourceTitle "CBM 156 Extra"]
[Source "ChessBase"]
[SourceDate "2013.10.22"]
[SourceVersion "1"]
[SourceVersionDate "2013.10.22"]
[SourceQuality "1"]

1. e4 e6 2. d4 d5 3. Nc3 Nc6 4. Nf3 Nf6 5. Bg5 Be7 6. e5 Ne4 7. Bxe7 Qxe7 8. Bd3 Qb4 9. 0-0 Nxc3 10. bxc3 Qxc3 11. Rb1 Qa3 12. c4 dxc4 13. Bxc4 0-0 14. Ng5 h6 15. Ne4 b6 16. Rb3 Qe7 17. Rh3 f6 18. exf6 Rxf6 19. Nxf6+ Qxf6 20. d5 Na5 21. Be2 Rb8 22. d6 cxd6 23. Qxd6 Rb7 24. Rc1 Bd7 25. Ba6 Qg5 26. Rhc3 Bc6 27. Rxc6 Nxc6 28. Qxc6 Rb8 29. Qxe6+ Kh8 30. Rc8+ Rxc8 31. Qxc8+ Kh7 32. Bd3+ g6 33. Qd7+ Kh8 34. Qe8+ Kg7 35. g3 Qc1+ 36. Kg2 Qg5 37. Be4 a5 1-0

[Event "Berlin Lichtenberger op 11th"]
[Site "Berlin"]
[Date "2012.08.22"]
[Round "5"]
[White "Penner, Markus"]
[Black "Kapp, Martin"]
[Result "0-1"]
[WhiteElo "1998"]
[BlackElo "2215"]
[PlyCount "72"]
[EventDate "2012.08.18"]
[EventType "swiss"]
[EventRounds "9"]
[EventCountry "GER"]
[SourceTitle "CBM 150 Extra"]
[Source "ChessBase"]
[SourceDate "2012.10.19"]
[SourceVersion "1"]
[SourceVersionDate "2012.10.19"]
[SourceQuality "1"]

1. e4 e6 2. d4 d5 3. Nc3 Nf6 4. e5 Nfd7 5. f4 c5 6. Nf3 Nc6 7. Be3 Nxd4 8. Nxd4 cxd4 9. Bxd4 Nb8 10. Qd2 Nc6 11. Bb5 Qa5 12. 0-0 Bd7 13. Bxc6 bxc6 14. a3 c5 15. b4 Qc7 16. bxc5 Bxc5 17. a4 0-0 18. Ne2 Rfc8 19. Rf3 Rab8 20. Rc3 Qa5 21. Qe3 Bxd4 22. Qxd4 Rxc3 23. Qxc3 Qb6+ 24. Qd4 Qa5 25. Qc3 Rb4 26. g3 Qb6+ 27. Kg2 a5 28. Kh3 h5 29. Ra3 g6 30. Rb3 Bxa4 31. Rxb4 axb4 32. Qc8+ Kg7 33. f5 exf5 34. Nf4 Bb5 35. Nxd5 Qg1 36. Ne3 Qxe3 0-1

[Event "Berlin Lichtenberger op 11th"]
[Site "Berlin"]
[Date "2012.08.21"]
[Round "4"]
[White "Bergmann, Jens"]
[Black "Penner, Markus"]
[Result "0-1"]
[WhiteElo "1946"]
[BlackElo "1998"]
[PlyCount "48"]
[EventDate "2012.08.18"]
[EventType "swiss"]
[EventRounds "9"]
[EventCountry "GER"]
[SourceTitle "CBM 150 Extra"]
[Source "ChessBase"]
[SourceDate "2012.10.19"]
[SourceVersion "1"]
[SourceVersionDate "2012.10.19"]
[SourceQuality "1"]

1. g3 Nf6 2. Nf3 g6 3. Bg2 Bg7 4. 0-0 0-0 5. c3 d6 6. Na3 c5 7. d4 Nbd7 8. Re1 a6 9. dxc5 Nxc5 10. Be3 Qc7 11. h3 b5 12. Ne5 Bb7 13. Nd3 Bxg2 14. Kxg2 Rfd8 15. Kg1 Nd5 16. Bxc5 dxc5 17. Qc1 c4 18. Nf4 Nxf4 19. gxf4 Bh6 20. e3 Qc6 21. Qc2 Qf3 22. Kh2 Bxf4+ 23. exf4 Qxf4+ 24. Kg1 Rd2 0-1

[Event "Berlin Lichtenberger op 11th"]
[Site "Berlin"]
[Date "2012.08.19"]
[Round "2"]
[White "Bruchmann, Stephan"]
[Black "Penner, Markus"]
[Result "1-0"]
[WhiteElo "2315"]
[BlackElo "1998"]
[PlyCount "47"]
[EventDate "2012.08.18"]
[EventType "swiss"]
[EventRounds "9"]
[EventCountry "GER"]
[SourceTitle "CBM 150 Extra"]
[Source "ChessBase"]
[SourceDate "2012.10.19"]
[SourceVersion "1"]
[SourceVersionDate "2012.10.19"]
[SourceQuality "1"]

1. d4 Nf6 2. Bg5 g6 3. Nc3 d5 4. Qd2 Nbd7 5. 0-0-0 h6 6. Bf4 c6 7. f3 Nh5 8. Be3 e5 9. g4 Nhf6 10. dxe5 Nxe5 11. Bd4 Nc4 12. Qf4 Be7 13. Kb1 Qd6 14. Qxd6 Nxd6 15. e4 dxe4 16. Bxf6 Bxf6 17. Rxd6 Bxc3 18. bxc3 exf3 19. Nxf3 Bxg4 20. Ne5 Bf5 21. Bd3 Bxd3 22. cxd3 Ke7 23. Rd4 Rad8 24. Rf4 1-0

[Event "Berlin Lichtenberger op 10th"]
[Site "Berlin"]
[Date "2011.08.14"]
[Round "2"]
[White "Penner, Markus"]
[Black "Poeltelt, Helmut"]
[Result "1-0"]
[WhiteElo "1949"]
[BlackElo "1716"]
[PlyCount "63"]
[EventDate "2011.08.13"]
[EventType "swiss"]
[EventRounds "9"]
[EventCountry "GER"]
[SourceTitle "CBM 143 Extra"]
[Source "ChessBase"]
[SourceDate "2011.08.29"]
[SourceVersion "1"]
[SourceVersionDate "2011.08.29"]
[SourceQuality "1"]

1. e4 c5 2. Nf3 d6 3. d4 cxd4 4. Nxd4 Nf6 5. Nc3 a6 6. Be3 g6 7. f3 Bg7 8. Qd2 Nc6 9. Bc4 0-0 10. 0-0-0 Qc7 11. Bb3 Na5 12. h4 Nxb3+ 13. axb3 h5 14. Bh6 Kh7 15. Bxg7 Kxg7 16. g4 Qa5 17. gxh5 Nxh5 18. Kb1 Qe5 19. Nde2 b5 20. f4 Qe6 21. Nd4 Qd7 22. f5 Bb7 23. Qg5 b4 24. Ne6+ Kh7 25. Nxf8+ Rxf8 26. Nd5 Bxd5 27. exd5 Qe8 28. Rde1 f6 29. fxg6+ Qxg6 30. Rxe7+ Ng7 31. Qxg6+ Kxg6 32. Rg1+ 1-0

[Event "Berlin Lichtenberger op 10th"]
[Site "Berlin"]
[Date "2011.08.13"]
[Round "1"]
[White "Paris, Gerhard"]
[Black "Penner, Markus"]
[Result "1-0"]
[WhiteElo "1628"]
[BlackElo "1949"]
[PlyCount "73"]
[EventDate "2011.08.13"]
[EventType "swiss"]
[EventRounds "9"]
[EventCountry "GER"]
[SourceTitle "CBM 143 Extra"]
[Source "ChessBase"]
[SourceDate "2011.08.29"]
[SourceVersion "1"]
[SourceVersionDate "2011.08.29"]
[SourceQuality "1"]

1. e4 e5 2. Nc3 Nf6 3. g3 Bc5 4. d3 h6 5. Bg2 d6 6. Nf3 0-0 7. 0-0 a6 8. d4 exd4 9. Nxd4 Bg4 10. Qd3 Bxd4 11. Qxd4 Nc6 12. Qe3 Qd7 13. f4 Bh3 14. f5 Bxg2 15. Kxg2 Rfe8 16. Rf4 d5 17. Qe1 dxe4 18. Be3 Rad8 19. Rd1 Qe7 20. h3 Rxd1 21. Qxd1 Rd8 22. Qe2 Qe5 23. Rf2 Rd7 24. g4 Nd4 25. Bxd4 Qxd4 26. Qe1 e3 27. Re2 Re7 28. Kf3 Nd5 29. Nxd5 Qxd5+ 30. Kg3 Re4 31. Kg2 Rxg4+ 32. Kh2 Qe5+ 33. Kh1 Qe4+ 34. Kh2 Qf4+ 35. Kh1 Rg3 36. Rg2 Qf3 37. Qxg3 1-0

[Event "Berlin Lichtenberger op 8th"]
[Site "Berlin"]
[Date "2009.08.15"]
[Round "1"]
[White "Penner, Markus"]
[Black "Giemsa, Stephan"]
[Result "0-1"]
[WhiteElo "1886"]
[BlackElo "2301"]
[PlyCount "70"]
[EventDate "2009.08.15"]
[EventType "swiss"]
[EventRounds "9"]
[EventCountry "GER"]
[SourceTitle "CBM 131 Extra"]
[Source "ChessBase"]
[SourceDate "2009.09.03"]
[SourceVersion "2"]
[SourceVersionDate "2009.09.16"]
[SourceQuality "1"]

1. e4 e6 2. d4 d5 3. Nc3 Nf6 4. e5 Nfd7 5. f4 c5 6. Nf3 a6 7. Be3 Qb6 8. Qd2 Qxb2 9. Rb1 Qa3 10. Be2 Nc6 11. 0-0 cxd4 12. Nxd4 Nxd4 13. Bxd4 Bc5 14. Kh1 Bxd4 15. Qxd4 Qc5 16. Qd3 0-0 17. Rf3 f6 18. Rh3 g6 19. Qg3 fxe5 20. fxe5 Qd4 21. Bd3 Qf4 22. Qe1 Nxe5 23. Be2 d4 24. Rh4 Qf6 25. Ne4 Qg7 26. Qg3 b5 27. Ng5 h6 28. Ne4 Bb7 29. Nc5 Bd5 30. Qh3 Rf2 31. Nxe6 Rxg2 32. Nxg7 Rg3+ 33. Qg2 Rxg2 34. Rxd4 Rxe2+ 35. Rxd5 Kxg7 0-1